| 000 | 00553nam a2200145 4500 | ||
|---|---|---|---|
| 008 | 040831s1989 ph 000 0 eng | ||
| 020 | _a9711003457 :Php55 | ||
| 090 |
_aBX1756,Z8 _bSco3w |
||
| 100 | 1 |
_aScott, William Henry, _d1921- |
|
| 245 | 1 | 0 |
_aWho are you, Filipino youth? : _bmessages and meditations / _cby William Henry Scott. |
| 260 |
_aQuezon City, Philippines : _bNew Day Publishers, _c1989. |
||
| 300 |
_a44 p. ; _c23 cm. |
||
| 650 | 4 |
_aYouth _zPhilippines _xSermons. |
|
| 951 |
_p27552 _x00029546 _oBX1756,Z8/Sco3w _j070613111414750 _d2000-12-21 _cFIL-P |
||
| 999 |
_c21128 _d21128 |
||